| 000 | 00880cam a22002411a 4500 | ||
|---|---|---|---|
| 001 | g 01001006 | ||
| 003 | DLC | ||
| 005 | 20260227111253.0 | ||
| 008 | 810526s1896 gw 000 0 ger | ||
| 010 | _ag 01001006 | ||
| 035 | _a(OCoLC)7444632 | ||
| 040 |
_aDLC _cKU _dKU _dDLC |
||
| 042 | _apremarc | ||
| 050 | 0 | 0 |
_aHD1925 _b.K78 |
| 100 | 1 | _aKoenig, Francis Philip. | |
| 245 | 1 | 4 |
_aDie Lage der englischen Landwirtschaft unter dem Drucke der internationalen Konkurrenz der Gegenwart und Mittel und Wege zur Besserung derselben / _cvon F.Ph. Koenig. |
| 260 |
_aJena : _bG. Fischer, _c1896. |
||
| 300 |
_axi, 445 p. ; _c24 cm. |
||
| 490 | 0 |
_aSammlung nationalökonomischer und statistischer Abhandlungen ; _vBd. 9, Heft 2 |
|
| 504 | _aIncludes bibliographical references. | ||
| 650 | 0 |
_aAgriculture _xEconomic aspects _zGreat Britain. |
|
| 650 | 0 |
_aAgriculture _zGreat Britain. |
|
| 999 |
_c23622 _d23622 |
||